| 000 | 00430nam a22001697a 4500 | ||
|---|---|---|---|
| 003 | SGT | ||
| 020 | _a9780323790130 | ||
| 082 |
_a616.5 _bA23M |
||
| 100 | _aMICHELETTI, ROBERT G. | ||
| 245 | _aANDREWS DISESAES OF THE SKIN CLINICAL ATLAS | ||
| 250 | _a2ND | ||
| 260 |
_aMISSOURI _bELSEVIER PUB _c2023 |
||
| 300 | _a607 | ||
| 650 | _aDERMATOLOGY | ||
| 653 | _aANDREWS DISESAES OF THE SKIN CLINICAL ATLAS | ||
| 942 |
_2ddc _cBK |
||
| 999 |
_c25138 _d25138 |
||